Szczegóły MARC
| 000 -ETYKIETA REKORDU |
| podpole kontrolne o stałej długości |
01745nam a2200493 i 4500 |
| 001 - NUMER KONTROLNY REKORDU |
| pole kontrolne |
28742 |
| 003 - IDENTYFIKATOR NUMERU KONTROLNEGO REKORDU |
| podpole kontrolne |
KOSZ 005 |
| 005 - DATA OSTATNIEJ MODYFIKACJI REKORDU |
| podpole kontrolne |
20230119092940.0 |
| 008 - POLE O STAŁEJ DŁUGOŚCI - DANE KONTROLNE |
| podpole kontrolne o stałej długości |
971010s1988 pl |000 0 pol |
| 015 ## - NUMER BIBLIOGRAFII NARODOWEJ |
| Numer bibliografii narodowej |
UWD 1989/9446 |
| 035 ## - NUMER SYSTEMOWY |
| Numer systemowy przejętego rekordu |
991002843269705066 |
| 035 ## - NUMER SYSTEMOWY |
| Numer systemowy przejętego rekordu |
(PL-WaBN)b10772327-48omnis_nlop |
| 035 ## - NUMER SYSTEMOWY |
| Numer systemowy przejętego rekordu |
b10772327 |
| 035 ## - NUMER SYSTEMOWY |
| Numer systemowy przejętego rekordu |
(OCoLC)749950469 |
| 035 ## - NUMER SYSTEMOWY |
| Numer systemowy przejętego rekordu |
zz2005995205 |
| 035 ## - NUMER SYSTEMOWY |
| Numer systemowy przejętego rekordu |
(PL)b0000001077232 |
| 035 ## - NUMER SYSTEMOWY |
| Numer systemowy przejętego rekordu |
(EXLNZ-48OMNIS_NETWORK)9910104392305606 |
| 040 ## - ŹRÓDŁO KATALOGOWANIA |
| Instytucja, która sporządziła opis |
WA N |
| Instytucja, która utworzyła rekord |
WA N |
| Instytucja, która dokonała modyfikacji |
KOSZ 005/HR |
| 041 0# - KOD JĘZYKA |
| Kod języka tekstu |
pol |
| Kod języka streszczenia lub abstraktu |
rus |
| 046 ## - DATY KODOWANE |
| Pojedyncza data lub początek okresu powstania dzieła lub zbioru dzieł |
1988 |
| 080 ## - UNIWERSALNA KLASYFIKACJA DZIESIĘTNA - UKD |
| UKD |
658.14/.17(4-11) |
| 100 1# - NAZWA OSOBOWA |
| Nazwa osobowa |
Bojar, Ewa |
| Daty związane z nazwą |
(1949- ) |
| Określenie rodzaju współpracy |
Autor |
| 245 10 - TYTUŁ/ODPOWIEDZIALNOŚĆ |
| Tytuł |
Samofinansowanie przedsiębiorstw : |
| Ciąg dalszy tytułu |
(doświadczenia wybranych krajów socjalistycznych) / |
| Pozostałe elementy strefy tytułu i oznaczenia odpowiedzialności |
Ewa Bojar, Włodzimierz Kotłow. |
| 260 ## - STREFA ADRESU WYDAWNICZEGO |
| Miejsce wydania |
Lublin : |
| Nazwa wydawcy/dystrybutora |
Wydawnictwa Uczelniane PL, |
| Data publikacji, dystrybucji/powstania dokumentu |
1988. |
| 300 ## - STREFA OPISU FIZYCZNEGO |
| Objętość |
85 s. ; |
| Rozmiary |
24 cm. |
| 336 ## - TYP ZAWARTOŚCI |
| Termin opisujący typ zawartości |
Tekst |
| Kod określający zawartość |
txt |
| Źródło (terminu i kodu) |
rdacontent |
| 337 ## - TYP MEDIÓW |
| Tryb odtwarzania |
Bez urządzenia pośredniczącego |
| Kod typu mediów |
n |
| Źródło (terminu i kodu) |
rdamedia |
| 338 ## - TYP/RODZAJ NOŚNIKA |
| Hasło opisujące typ nośnika |
Wolumin |
| Kod typu nośnika |
nc |
| Źródło (terminu i kodu) |
rdacarrier |
| 380 ## - FORMA I TYP PUBLIKACJI |
| Forma i typ publikacji |
Książki |
| 388 ## - CZAS POWSTANIA |
| Czas powstania |
1901-2000 |
| 388 ## - CZAS POWSTANIA |
| Czas powstania |
1945-1989 |
| 490 1# - STREFA SERII I DOKUMENTU WIELOCZĘŚCIOWEGO - FORMA NIE DO WYSZUKIWANIA |
| Tytuł i oznaczenie odpowiedzialności serii |
Prace Naukowe Politechniki Lubelskiej. Ekonomia, |
| ISSN |
0866-9457 ; |
| Numeracja w obrębie serii |
9 |
| 500 ## - UWAGI OGÓLNE |
| Tekst uwagi |
Numeracja ser. gł. : 180. |
| 504 ## - UWAGA DOTYCZĄCA BIBLIOGRAFII |
| Informacje o bibliografii |
Bibliogr. s. 82-83. - Rez. |
| 650 #7 - HASŁO PRZEDMIOTOWE W FORMIE NAZWY OGÓLNEJ LUB JEDNOSTKOWEJ |
| Nazwa ogólna lub geograficzna |
Finanse przedsiębiorstwa |
| Źródło hasła lub terminu |
DBN |
| 651 ## - HASŁO PRZEDMIOTOWE W FORMIE NAZWY GEOGRAFICZNEJ |
| Nazwa geograficzna |
Kraje socjalistyczne |
| 658 ## - TERMIN INDEKSOWY - PRZEDMIOT PROGRAMU NAUCZANIA |
| Główny przedmiot programu nauczania |
Gospodarka, ekonomia, finanse |
| 700 1# - HASŁO DODATKOWE - NAZWA OSOBOWA |
| Nazwa osobowa |
Kotłow, Włodzimierz |
| Określenie związku między hasłem a opisywanym materiałem |
Autor |
| 710 2# - HASŁO DODATKOWE - NAZWA CIAŁA ZBIOROWEGO |
| Nazwa ciała zbiorowego lub jednostki geograficznej |
Politechnika Lubelska |
| 830 #0 - HASŁO DODATKOWE SERII LUB DOKUMENTU WIELOCZĘŚCIOWEGO - TYTUŁ UJEDNOLICONY |
| Tytuł ujednolicony |
Prace Naukowe Politechniki Lubelskiej. |
| Nazwa części/sekcji dzieła |
Ekonomia ; |
| Oznaczenie tomu |
9 |
| 856 ## - LOKALIZACJA I DOSTĘP DO ELEKTRONICZNYCH DOKUMENTÓW ZDALNYCH |
| Link (URL) |
http://koha.tu.koszalin.pl/cgi-bin/koha/opac-detail.pl?biblionumber=28742 |
| Tekst linku |
Katalog online BPK |
| 942 ## - DODATKOWE ELEMENTY (KOHA) |
| Schemat klasyfikacji |
Uniwersalna Klasyfikacja Dziesiętna |
| Typ dokumentu |
Książka |